Liste des 26 joueurs de l'équipe de France pour la Coupe du Monde 2026 - Statistiques

Statistiques générales
  • Ce quiz a été pris 65 fois
  • Le résultat moyen est 23 sur 26
Statistiques - réponses
Poste Joueurs Club % Correct
Attaquant Kylian Mbappé Réal Madrid
98%
Gardien Mike Maignan AC Milan
98%
Milieu Aurélien Tchouameni Réal Madrid
96%
Attaquant Ousmane Dembélé PSG
96%
Attaquant Désiré Doué PSG
94%
Attaquant Michael Olise Bayern Munich
94%
Attaquant Rayan Cherki Manchester City
94%
Defenseur Theo Hernandez Al Hilal
94%
Defenseur Ibrahima Konaté Liverpool
92%
Defenseur Lucas Hernandez PSG
92%
Milieu Adrien Rabiot AC Milan
91%
Gardien Brice Samba Stade Rennais
91%
Defenseur Dayot Upamecano Bayern
91%
Defenseur Jules Koundé FC Barcelone
91%
Attaquant Marcus Thuram Inter Milan
91%
Milieu N'golo Kante Fenerbahçe
91%
Defenseur William Saliba Arsenal
91%
Attaquant Bradley Barcola PSG
87%
Defenseur Lucas Digne Aston Villa
87%
Milieu Manu Koné AS Roma
85%
Attaquant Maghness Akliouche AS Monaco
83%
Defenseur Malo Gusto Chelsea
83%
Gardien Robin Risser RC Lens
83%
Attaquant Jean Philippe Mateta Crystal Palace
81%
Defenseur Maxence Lacroix Crystal Palace
77%
Milieu Warren Zayre-Emery PSG
36%
Aucun quiz correspondant
Distribution des résultats
% des personnes avec chaque résultat
Percentile par nombre de réponses
Votre historique - résultats
Vous n’avez pas pris ce quiz